000 00663nam a2200265Ia 4500
005 20260121170843.0
008 008 260114s9999 xx 000 0 eng d
020 _a9783319911557
037 _aEBOOK
040 _aCRL
040 _beng
040 _cCRL
041 _2eng
041 _aeng
084 _qCRL
100 _aMichael Oberguggenberger, Alexander Ostermann
_91068979
245 0 _aAnalysis for Computer Scientists
260 _bSpringer
260 _bSpringer
260 _c2018
856 _uhttps://link.springer.com/openurl?genre=book&isbn=978-3-319-91155-7
942 _cEBOOK
999 _c1634709
_d1634709